| 000 | 00481cam a22002051 4500 | ||
|---|---|---|---|
| 001 | sa 68000041 | ||
| 003 | DLC | ||
| 005 | 20260227112419.0 | ||
| 008 | 890621s1967 ii 000 0 beno | ||
| 010 | _asa 68000041 | ||
| 035 | _a(OCoLC)19906547 | ||
| 040 |
_aDLC _cWaU _dDLC |
||
| 042 | _apremarc | ||
| 050 | 0 | 0 |
_aPK1718.B6 _bR3 |
| 100 | 1 | _aBose, Buddhadeva. | |
| 245 | 1 | 0 | _aRāta bhaʼre br̥shṭi. |
| 260 | _c[1967] | ||
| 300 |
_a167 p. _c22 cm. |
||
| 500 | _aIn Bengali. | ||
| 999 |
_c76895 _d76895 |
||